Šľachta Abovskej stolice v novoveku zmienky o jej sídlach, majetku a spôsobe bývania ...

Bibliographic Details
Main Author: Szeghy, Gabriel, 1982- (Author)
Other Authors: Bartoš, Martin (Collaborator), Szeghy-Gayer, Veronika, 1986- (Translator), Tunega, Michal (Translator)
Format: Book
Language:Slovak
PhysicalDescription:390 strán erby, faksimile, fotografie (prevažne farebné), grafy, ilustrácie, mapy, tabuľky 24 cm
Published: Košice Centrum kultúry Košického kraja 2021
ISBN:9788097383039
Edition:Prvé vydanie
Subjects:

MARC

LEADER 00000cam a2200000 4500
001 vtls012086604
003 SK-MaSNL
005 20260302094701.0
008 220208s2021 xo ihobfrn 011 0 slo
015 |a SNBA2022/04 
020 |a 9788097383039  |q (viazané) 
040 |a SNK  |b slo  |c SNK  |e rda 
041 0 |a slo  |b hun  |b ger 
043 |a e-xo--- 
044 |a xo  |c SK 
072 7 |a 929.5/.9  |x Genealógia. Heraldika. Šľachta. Vlajky  |2 konspekt 
080 |a 929.7  |2 2011 
080 |a 94"15/..."  |2 2011 
080 |a (437.6)  |2 2011 
080 |a (048.8)  |2 2011 
100 1 |a Szeghy, Gabriel,  |d 1982-  |4 aut  |9 267184 
245 1 0 |a Šľachta Abovskej stolice v novoveku  |b zmienky o jej sídlach, majetku a spôsobe bývania ...  |c Gabriel Szeghy ; odborná spolupráca: Martin Bartoš ; maďarské resumé: Veronika Szeghy-Gayer, nemecké resumé: Michal Tunega 
246 3 1 |a Nobilitas comitatus Abaujvariensis in aetate recentiore  |b mentiones de sedibus, possessionibus et modo habitationis ... 
246 3 1 |a Abaúj vármegye nemessége az újkorban  |b lakóhely, vagyoni helyzet, életmód ... 
250 |a Prvé vydanie 
264 1 |a Košice  |b Centrum kultúry Košického kraja  |c 2021 
300 |a 390 strán  |b erby, faksimile, fotografie (prevažne farebné), grafy, ilustrácie, mapy, tabuľky  |c 24 cm 
336 |a text  |b txt  |2 rdacontent 
337 |a bez média  |b n  |2 rdamedia 
338 |a zväzok  |b nc  |2 rdacarrier 
500 |a Zoznam častejších skratiek na strane 378 
500 |a Súbežný názov v latinčine a maďarčine 
504 |a Geografický register na strane 362-377. Zoznam bibliografických a archívnych odkazov na strane 379-[390]. Obsahuje bibliografické odkazy 
546 |a Maďarské a nemecké resumé 
650 0 7 |a šľachta  |2 SNKPH  |9 28113 
650 0 7 |a novovek  |2 SNKPH  |9 4260 
650 0 7 |a Nobility  |2 SNKPHeng  |9 280361 
650 0 7 |a Modern history  |2 SNKPHeng  |9 285609 
651 7 |a Abovská stolica  |2 SNKPHgeo  |9 766886 
655 7 |a monografie  |2 SNKPH  |9 70139 
655 7 |a Monographs  |2 SNKPHeng  |9 120675 
700 1 |a Bartoš, Martin  |4 clb  |9 339761 
700 1 |a Szeghy-Gayer, Veronika,  |d 1986-  |4 trl  |9 170193 
700 1 |a Tunega, Michal  |4 trl  |9 766887 
919 |a 978-80-973830-3-9 
958 |a NB 
958 |a SP 
999 |c 1214113  |d 1216043 
952 |a SNK  |b SNK  |y PREZ  |7 0  |p 17A1479898  |o snkSC 196444  |i snk2022/3123  |8 0  |0 0  |1 0  |4 0  |d 2022-03-01  |l 0  |r 2025-10-16 00:00:00  |w 2026-02-24